000 00665nam a2200217 u 4500
005 20210223132512.0
008 141103s2008 r 000 0 eng d
020 _a9789681685652
035 _aUPN01000200572
049 _aI
050 4 _aPZ18
_bH4.4
100 1 _aHeide, Iris van der,
_d1970-
_936354
245 1 0 _aIntercambio mágico /
_cIris van der Heide ; [il.] Marije Tolman.
260 _aMéxico :
_bFCE,
_c2008.
300 _a[28] p. :
_bprincipalmente il. col.
440 4 _aLos especiales de a la orilla del viento
650 4 _aLITERATURA INFANTIL HOLANDESA
_913664
700 1 _aTolman, Marije,
_eil.
905 _aInfantil
999 _c172673
_d172673